[Event "Gran Canaria Cabildo op"]
[Site "Gran Canaria"]
[Date "2015.03.13"]
[Round "5"]
[White "Rodriguez Ferraz, Borja"]
[Black "Menvielle Laccourreye, Augusto"]
[Result "1/2-1/2"]
[WhiteElo "2190"]
[BlackElo "2131"]
[PlyCount "87"]
[EventDate "2015.02.27"]
[EventType "swiss"]
[EventRounds "7"]
[EventCountry "ESP"]
[SourceTitle "CBM 165 Extra"]
[Source "ChessBase"]
[SourceDate "2015.04.21"]
[SourceVersion "1"]
[SourceVersionDate "2015.04.21"]
[SourceQuality "1"]

1. d4 f5 2. Nc3 d5 3. Bg5 Be6 4. e3 Nd7 5. Bd3 Ngf6 6. Nf3 g6 7. h4 Bg7 8. Ne5 Nxe5 9. dxe5 Ng4 10. h5 h6 11. Bf4 g5 12. Bg3 Nxe5 13. f4 Nxd3+ 14. Qxd3 g4 15. Qb5+ Kf7 16. Rd1 Qc8 17. 0-0 c6 18. Qd3 Rd8 19. b3 Kg8 20. Ne2 Bf7 21. Bh4 Re8 22. c4 dxc4 23. bxc4 Qe6 24. Ng3 Qxc4 25. Qxf5 Qe6 26. Qxe6 Bxe6 27. f5 Bxa2 28. Rf4 Kf7 29. Rd7 Be5 30. Rxg4 b5 31. Rg6 b4 32. f6 b3 33. Rg7+ Kf8 34. Nf5 b2 35. fxe7+ Rxe7 36. Bxe7+ Ke8 37. Rb7 Rb8 38. Nd6+ Bxd6 39. Bxd6 Rxb7 40. Rxb7 b1Q+ 41. Rxb1 Bxb1 42. Bf4 Bf5 43. Bxh6 Bg4 44. Bg7 1/2-1/2

[Event "Las Palmas Insular-chT Pref"]
[Site "Las Palmas"]
[Date "2014.12.13"]
[Round "2.2"]
[White "Rodriguez Ferraz, Borja"]
[Black "Martin Ojeda, Juan Manuel"]
[Result "0-1"]
[WhiteElo "2190"]
[BlackElo "2202"]
[PlyCount "52"]
[EventDate "2014.11.22"]
[EventType "team-tourn"]
[EventRounds "14"]
[EventCountry "ESP"]
[SourceTitle "EXT 2016"]
[Source "ChessBase"]
[SourceDate "2015.10.08"]
[SourceVersion "1"]
[SourceVersionDate "2015.10.08"]
[SourceQuality "1"]
[WhiteTeam "La Caja de Vecindario"]
[BlackTeam "Tres W"]
[WhiteTeamCountry "ESP"]
[BlackTeamCountry "ESP"]

1. d4 e6 2. c4 Nf6 3. Nc3 Bb4 4. Qc2 0-0 5. a3 Bxc3+ 6. Qxc3 h6 7. g3 d6 8. Bg2 Nbd7 9. Bf4 Qe7 10. Nf3 Re8 11. Rd1 e5 12. dxe5 dxe5 13. Be3 Ng4 14. 0-0 Nxe3 15. Qxe3 Nf6 16. h3 a5 17. Rd2 a4 18. Rfd1 Ra5 19. Qc3 Rc5 20. Qb4 e4 21. Nd4 e3 22. fxe3 Qxe3+ 23. Kh1 Bxh3 24. Bxh3 Rh5 25. Nf5 Qe4+ 26. Kg1 Rxh3 0-1

[Event "Barcelona Sants op 16th"]
[Site "Barcelona"]
[Date "2014.08.26"]
[Round "5"]
[White "Zude, Erik"]
[Black "Rodriguez Ferraz, Borja"]
[Result "1-0"]
[WhiteElo "2381"]
[BlackElo "2175"]
[PlyCount "53"]
[EventDate "2014.08.22"]
[EventType "swiss"]
[EventRounds "10"]
[EventCountry "ESP"]
[SourceTitle "CBM 162 Extra"]
[Source "ChessBase"]
[SourceDate "2014.10.17"]
[SourceVersion "1"]
[SourceVersionDate "2014.10.17"]
[SourceQuality "1"]

1. d4 Nf6 2. c4 e6 3. Nc3 Bb4 4. e3 0-0 5. Bd3 d6 6. Bd2 c5 7. a3 Ba5 8. dxc5 dxc5 9. Qc2 Nc6 10. Nf3 h6 11. 0-0-0 Qe7 12. Rhg1 Ng4 13. Be1 Rb8 14. h3 Nge5 15. Nxe5 Nxe5 16. Be2 a6 17. f4 Nc6 18. Bf3 Na7 19. g4 Bxc3 20. Bxc3 b5 21. g5 hxg5 22. Bxg7 Kxg7 23. Rxg5+ Qxg5 24. fxg5 Bb7 25. Qc3+ Kg8 26. Bxb7 Rxb7 27. Qf6 1-0

[Event "Barcelona Sants op 16th"]
[Site "Barcelona"]
[Date "2014.08.23"]
[Round "2"]
[White "Rodriguez Ferraz, Borja"]
[Black "Kraemer, Martin"]
[Result "0-1"]
[WhiteElo "2175"]
[BlackElo "2546"]
[PlyCount "80"]
[EventDate "2014.08.22"]
[EventType "swiss"]
[EventRounds "10"]
[EventCountry "ESP"]
[SourceTitle "CBM 162 Extra"]
[Source "ChessBase"]
[SourceDate "2014.10.17"]
[SourceVersion "1"]
[SourceVersionDate "2014.10.17"]
[SourceQuality "1"]

1. d4 Nf6 2. c4 e6 3. Nc3 Bb4 4. Qc2 0-0 5. Bg5 d6 6. Nf3 Nbd7 7. e3 b6 8. Bd3 h6 9. Bh4 Bb7 10. 0-0 c5 11. a3 Bxc3 12. Qxc3 Rc8 13. Rfd1 Bxf3 14. gxf3 Nd5 15. Bxd8 Nxc3 16. Rdc1 Rfxd8 17. Rxc3 cxd4 18. exd4 e5 19. d5 Rc7 20. Rac1 Nf6 21. Bc2 Nh5 22. Ba4 Kf8 23. Bc6 Nf4 24. Kf1 Ne6 25. b4 Nd4 26. b5 a5 27. Re1 Re7 28. Re4 g5 29. Kg2 f5 30. Re1 Kf7 31. h4 Kg6 32. Rh1 Rg7 33. h5+ Kf6 34. Re1 f4 35. Rd3 g4 36. fxg4 Rxg4+ 37. Kh3 Rg5 38. Be8 Rxe8 39. Rxd4 Reg8 40. Rxf4+ exf4 0-1

[Event "Las Palmas Cabildo Trophy"]
[Site "Las Palmas"]
[Date "2014.05.08"]
[Round "7.3"]
[White "Vega Gutierrez, Belinda Vidina"]
[Black "Rodriguez Ferraz, Borja"]
[Result "1/2-1/2"]
[WhiteElo "2219"]
[BlackElo "2236"]
[PlyCount "101"]
[EventDate "2014.04.08"]
[EventType "swiss"]
[EventRounds "7"]
[EventCountry "ESP"]
[SourceTitle "EXT 2024"]
[Source "ChessBase"]
[SourceDate "2023.10.10"]
[SourceVersion "1"]
[SourceVersionDate "2023.10.10"]
[SourceQuality "1"]

1. e4 e5 2. Nf3 Nc6 3. Bb5 a6 4. Bxc6 dxc6 5. 0-0 f6 6. d4 exd4 7. Nxd4 c5 8. Ne2 Qxd1 9. Rxd1 Bd7 10. Nbc3 0-0-0 11. Be3 Bd6 12. Bf4 Bc6 13. Bxd6 cxd6 14. Nf4 Nh6 15. Nh5 Rd7 16. Nd5 Bxd5 17. Rxd5 Re8 18. f3 Re5 19. Rad1 Kc7 20. g4 b5 21. Kf2 Rxd5 22. Rxd5 Ng8 23. Nf4 Kc6 24. Rd2 Ne7 25. Nh5 Nc8 26. f4 Nb6 27. b3 b4 28. h4 Re7 29. Re2 Rf7 30. g5 Nd7 31. Ke3 Nf8 32. f5 Nd7 33. Rg2 g6 34. fxg6 hxg6 35. Nf4 Ne5 36. gxf6 Rxf6 37. Rg3 a5 38. Rg2 Kb5 39. Rg3 a4 40. Rg2 a3 41. Rg3 Kc6 42. Rg2 Kd7 43. Rg1 Ke8 44. Rg3 Kf7 45. Rg1 Kf8 46. Rg3 Ke8 47. Rg2 Kd7 48. Rg3 Kd8 49. Rg2 Ke8 50. Rg3 Kd7 51. Rg1 1/2-1/2

[Event "Las Palmas Cabildo Trophy"]
[Site "Las Palmas"]
[Date "2014.04.29"]
[Round "5.2"]
[White "Angel Acosta, Juan Carlos"]
[Black "Rodriguez Ferraz, Borja"]
[Result "1/2-1/2"]
[WhiteElo "2148"]
[BlackElo "2236"]
[PlyCount "84"]
[EventDate "2014.04.08"]
[EventType "swiss"]
[EventRounds "7"]
[EventCountry "ESP"]
[SourceTitle "EXT 2024"]
[Source "ChessBase"]
[SourceDate "2023.10.10"]
[SourceVersion "1"]
[SourceVersionDate "2023.10.10"]
[SourceQuality "1"]

1. d4 Nf6 2. Nf3 e6 3. g3 b6 4. Bg2 Bb7 5. c4 Be7 6. 0-0 0-0 7. d5 exd5 8. Nh4 c6 9. cxd5 Nxd5 10. Nf5 Nc7 11. e4 Bf6 12. Re1 d5 13. e5 Bc8 14. exf6 Bxf5 15. fxg7 Re8 16. Nc3 Nd7 17. Rxe8+ Nxe8 18. Qa4 Qf6 19. Be3 b5 20. Qd1 Nxg7 21. Qd2 Ne6 22. Ne2 Ne5 23. Qc3 Rd8 24. Nd4 b4 25. Qc1 Be4 26. Nxe6 Qxe6 27. Bxa7 Qf5 28. Bd4 Bxg2 29. Bxe5 Qxe5 30. Kxg2 Rd6 31. Qd2 c5 32. Re1 Qf5 33. Re3 d4 34. Re8+ Kg7 35. b3 Re6 36. Rxe6 fxe6 37. f3 e5 38. g4 Qg6 39. Qe2 Qd6 40. Qd3 Qd5 41. h4 Qa8 42. Qe2 Qd5 1/2-1/2

[Event "Las Palmas Cabildo Trophy"]
[Site "Las Palmas"]
[Date "2014.04.22"]
[Round "3.1"]
[White "Rodriguez Ferraz, Borja"]
[Black "Garcia Blanco, Omar"]
[Result "0-1"]
[WhiteElo "2236"]
[BlackElo "2302"]
[PlyCount "100"]
[EventDate "2014.04.08"]
[EventType "swiss"]
[EventRounds "7"]
[EventCountry "ESP"]
[SourceTitle "EXT 2024"]
[Source "ChessBase"]
[SourceDate "2023.10.10"]
[SourceVersion "1"]
[SourceVersionDate "2023.10.10"]
[SourceQuality "1"]

1. Nf3 Nf6 2. c4 c5 3. g3 b6 4. Bg2 Bb7 5. Nc3 e6 6. 0-0 Be7 7. Qc2 0-0 8. b3 Nc6 9. Bb2 d5 10. cxd5 exd5 11. d4 Rc8 12. dxc5 bxc5 13. Rfd1 d4 14. Ne4 Nb4 15. Nxf6+ Bxf6 16. Qd2 Qb6 17. Ne1 Nd5 18. Nd3 Rfe8 19. Rac1 Nc3 20. Bxc3 dxc3 21. Qc2 Bxg2 22. Kxg2 c4 23. bxc4 Qc6+ 24. Kg1 Qxc4 25. Nf4 Red8 26. Rd3 Rxd3 27. exd3 Qc5 28. Ne2 g6 29. Rd1 Bd4 30. Nxd4 Qxd4 31. Rc1 Kg7 32. Kf1 Rc6 33. Re1 Rd6 34. Re3 h5 35. h4 Rb6 36. Re4 Qf6 37. Rf4 Qc6 38. Kg1 Rb2 39. Qc1 f6 40. Rc4 Qf3 41. Rc7+ Kg8 42. Rc8+ Kf7 43. Rc7+ Ke6 44. Qf1 Rd2 45. Qg2 Qxg2+ 46. Kxg2 Rxd3 47. Rxa7 Rd7 48. Ra8 Rc7 49. Re8+ Kd5 50. Re1 c2 0-1

[Event "Las Palmas Insular-chT Pref 1314"]
[Site "Agaete"]
[Date "2014.04.05"]
[Round "14.2"]
[White "Rodriguez Ferraz, Borja"]
[Black "Aleman Perez, Domingo"]
[Result "1-0"]
[WhiteElo "2205"]
[BlackElo "1593"]
[PlyCount "43"]
[EventDate "2013.11.09"]
[EventType "team-tourn"]
[EventRounds "14"]
[EventCountry "ESP"]
[SourceTitle "EXT 2015"]
[Source "ChessBase"]
[SourceDate "2014.11.20"]
[SourceVersion "1"]
[SourceVersionDate "2014.11.20"]
[SourceQuality "1"]
[WhiteTeam "La Caja de Vecindario"]
[BlackTeam "Villa de Teror"]
[WhiteTeamCountry "ESP"]
[BlackTeamCountry "ESP"]

1. d4 d5 2. c4 c5 3. Nf3 Nf6 4. cxd5 cxd4 5. Qxd4 Qxd5 6. Nc3 Qxd4 7. Nxd4 e5 8. Ndb5 Na6 9. g3 Bb4 10. Bg2 0-0 11. 0-0 Bxc3 12. Nxc3 Nc7 13. Bg5 Nd7 14. Rfd1 Rb8 15. Be7 Re8 16. Bd6 Ne6 17. Bxb8 Nxb8 18. Nb5 a6 19. Nd6 Rd8 20. Nxc8 Rxc8 21. Bxb7 Rc2 22. Rac1 1-0

[Event "Las Palmas Insular-chT Pref 1314"]
[Site "Agaete"]
[Date "2014.03.29"]
[Round "13.3"]
[White "Rodriguez Ferraz, Borja"]
[Black "Raluy Lopez, Marcos"]
[Result "1-0"]
[WhiteElo "2205"]
[BlackElo "2028"]
[PlyCount "75"]
[EventDate "2013.11.09"]
[EventType "team-tourn"]
[EventRounds "14"]
[EventCountry "ESP"]
[SourceTitle "EXT 2015"]
[Source "ChessBase"]
[SourceDate "2014.11.20"]
[SourceVersion "1"]
[SourceVersionDate "2014.11.20"]
[SourceQuality "1"]
[WhiteTeam "La Caja de Vecindario"]
[BlackTeam "Tres W"]
[WhiteTeamCountry "ESP"]
[BlackTeamCountry "ESP"]

1. d4 d5 2. c4 e6 3. Nc3 c5 4. cxd5 exd5 5. Nf3 Nc6 6. g3 Nf6 7. Bg2 Be7 8. 0-0 0-0 9. Bf4 c4 10. Ne5 Be6 11. e3 Qa5 12. Qa4 Qxa4 13. Nxa4 Nxe5 14. Bxe5 Rac8 15. Nc3 Bb4 16. Bxf6 Bxc3 17. bxc3 gxf6 18. Rfb1 Rc7 19. Rb5 Rd8 20. Rab1 Rd6 21. a4 b6 22. a5 bxa5 23. Rxa5 f5 24. Rbb5 Rb6 25. Bxd5 Rxb5 26. Rxb5 a6 27. Ra5 Bxd5 28. Rxd5 Rb7 29. Rc5 Rb1+ 30. Kg2 a5 31. Rxc4 Rc1 32. d5 Rd1 33. Rc5 a4 34. Ra5 a3 35. c4 Rc1 36. d6 Rd1 37. c5 Rd5 38. Rxa3 1-0

[Event "Las Palmas Insular-chT Pref 1314"]
[Site "Agaete"]
[Date "2014.02.22"]
[Round "10.3"]
[White "Diaz Suarez, Cayetano"]
[Black "Rodriguez Ferraz, Borja"]
[Result "0-1"]
[WhiteElo "1850"]
[BlackElo "2205"]
[PlyCount "56"]
[EventDate "2013.11.09"]
[EventType "team-tourn"]
[EventRounds "14"]
[EventCountry "ESP"]
[SourceTitle "EXT 2015"]
[Source "ChessBase"]
[SourceDate "2014.11.20"]
[SourceVersion "1"]
[SourceVersionDate "2014.11.20"]
[SourceQuality "1"]
[WhiteTeam "Univacit Guia"]
[BlackTeam "La Caja de Vecindario"]
[WhiteTeamCountry "ESP"]
[BlackTeamCountry "ESP"]

1. e4 e5 2. Nf3 Nc6 3. Bc4 Bc5 4. c3 Nf6 5. 0-0 d6 6. d3 Bg4 7. h3 Bh5 8. Bg5 h6 9. Bh4 g5 10. Bg3 Bb6 11. Bb3 Ne7 12. Nbd2 Ng6 13. Nc4 g4 14. hxg4 Bxg4 15. Ne3 Qd7 16. Nxg4 Qxg4 17. Nh4 Qxg3 18. Bxf7+ Kxf7 19. Qb3+ d5 20. Qxb6 axb6 21. fxg3 Nxh4 22. gxh4 dxe4 23. Rf5 Ke6 24. Raf1 Rhf8 25. d4 exd4 26. cxd4 Ra5 27. g4 Rxf5 28. Rxf5 Nd7 0-1